|
|
|
|
| LEADER |
00000nam a2200000 a 4500 |
| 001 |
vtls008950645 |
| 003 |
SK-MaSNL |
| 005 |
20260301150142.0 |
| 008 |
251124s2006 xo odl f 000 0 cze |
| 015 |
|
|
|a SNBA2007/05-02077
|
| 020 |
|
|
|a 808073674X
|q (brož.)
|
| 035 |
|
|
|a 8C31E950-CA50-45E3-A20C-56E024A7A8CE
|
| 035 |
|
|
|a urn:nbn:sk:snk-amk7ab
|
| 035 |
|
|
|a urn:nbn:sk:snk-am008jhv
|
| 040 |
|
|
|a SNK
|b slo
|c SNK
|e AACR2
|
| 041 |
0 |
|
|a cze
|b cze
|b eng
|
| 044 |
|
|
|a xo
|c SK
|
| 072 |
|
7 |
|a 616
|x Patológia. Klinická medicína
|2 konspekt
|
| 080 |
|
|
|a 616.24
|2 2001
|
| 080 |
|
|
|a 612.13:611.24
|2 2001
|
| 080 |
|
|
|a 616.24-008.4
|2 2001
|
| 080 |
|
|
|a 57:61
|2 2001
|
| 080 |
|
|
|a (043.5)
|2 2001
|
| 080 |
|
|
|a (043.3)
|2 2001
|
| 100 |
1 |
|
|a Roubík, Karel,
|d 1971-
|4 aut
|9 100317
|
| 245 |
1 |
0 |
|a Nekonvenční režimy umělé plicní ventilace
|b autoreferát habilitačnej práce k habilitačnému pokračovaniu za doventa v odbore Biomedicínske inžinierstvo
|c Karel Roubík
|
| 250 |
|
|
|a 1. vyd.
|
| 260 |
|
|
|a Košice
|b Technická univerzita
|c 2006
|
| 300 |
|
|
|a 40 s.
|b fotogr., grafy, sch.
|c 25 cm
|
| 366 |
|
|
|e 40 výtl. Nepredajné
|
| 490 |
1 |
|
|a Edícia vedeckej a odbornej literatúry
|a Vedecké spisy Strojníckej fakulty
|v zv. 03
|a Habilitačné a inauguračné spisy
|
| 504 |
|
|
|a Bibliogr. s. 34-36
|
| 546 |
|
|
|a Res. čes. a angl.
|
| 650 |
0 |
7 |
|a choroby pľúc
|2 SNKPH
|9 1247
|
| 650 |
0 |
7 |
|a pľúcny obeh
|2 SNKPH
|9 506950
|
| 650 |
0 |
7 |
|a poruchy dýchania
|2 SNKPH
|9 19524
|
| 650 |
0 |
7 |
|a biomedicína
|2 SNKPH
|9 18817
|
| 655 |
|
7 |
|a habilitačné práce
|2 SNKPH
|9 70777
|
| 655 |
|
7 |
|a autofereráty
|2 SNKPH
|9 506951
|
| 810 |
2 |
|
|a Technická univerzita v Košiciach.
|b Strojnícka fakulta
|t Edícia vedeckej a odbornej literatúry
|9 176109
|
| 810 |
2 |
|
|a Technická univerzita v Košiciach.
|b Strojnícka fakulta
|t Edícia vedeckej a odbornej literatúry
|p Vedecké spisy Strojníckej fakulty
|9 466993
|
| 810 |
2 |
|
|a Technická univerzita v Košiciach.
|b Strojnícka fakulta
|t Edícia vedeckej a odbornej literatúry.
|p Habilitačné a inauguračné spisy
|9 223421
|
| 919 |
|
|
|a 80-8073-674-X
|
| 958 |
|
|
|a NB
|
| 958 |
|
|
|a MI
|
| 958 |
|
|
|a CZ
|
| 958 |
|
|
|a NM
|
| 958 |
|
|
|a OND
|
| 968 |
|
|
|d 61
|
| 999 |
|
|
|c 782649
|d 784579
|
| 952 |
|
|
|a SNK
|b SNK
|y PREZ
|7 0
|p 17A0543727
|o snkSC 126904
|i snk2007/5689
|8 0
|0 0
|1 0
|4 0
|d 2007-03-01
|f 1
|l 0
|r 2025-06-16 00:00:00
|w 2026-02-24
|
| 952 |
|
|
|a SNK
|b SNK
|y VYP
|7 0
|p 17A0748415
|o snkSC 126904 D1
|i snk2007/5690
|8 0
|0 0
|1 0
|4 0
|d 2007-03-01
|l 0
|r 2026-02-24 01:09:40
|w 2026-02-24
|